000 00328cam a22001217a 4500
008 180718b1962 xxu||||| |||| 00| 0 eng d
082 _aDx51 P267
100 _aPassin, Herbert
245 _aChina's cultural diplomacy
_cby Herbert Passin
260 _aNew York
_bPraeger
_c1962
300 _avi, 133p
650 _aChina --Relations
999 _c424128
_d424128